| 000 | 00639nam a2200217Ii 4500 | ||
|---|---|---|---|
| 001 | 4869 | ||
| 003 | CO-ViMGA | ||
| 008 | 241108s9999||||xx |||||||||||||| ||und|| | ||
| 020 | _a9684227108 | ||
| 040 |
_aCO-ViMGA _bspa _erda _cCO-ViMGA |
||
| 041 | 0 | _aunk | |
| 082 | 0 | 4 | _a657.1 R173 |
| 100 | 1 |
_aDavid Noel RamÃrez Padilla _954111 |
|
| 245 | 1 | 0 | _aContabilidad administrativa |
| 264 | 1 | _a[Lugar de publicación no identificado] : McGraw-Hill, 1990 | |
| 300 | _avolumen | ||
| 336 |
_atext _btxt _2rdacontent |
||
| 337 |
_aunmediated _bn _2rdamedia |
||
| 338 |
_avolume _bnc _2rdacarrier |
||
| 940 | _aidficha_siabuc: 4743. -- ficha_no_siabuc:4869 | ||
| 999 |
_c50973 _d50973 |
||